Russian alphabet fast typing - Statistics

General Stats
  • This quiz has been taken 77 times
  • The average score is 29 of 33
Answer Stats
Character Answer % Correct
А А
100%
В В
100%
Д Д
92%
Е Е
92%
Ж Ж
92%
З З
92%
И И
92%
Й Й
92%
К К
92%
Л Л
92%
М М
92%
О О
92%
П П
92%
Р Р
92%
С С
92%
У У
92%
Ф Ф
92%
Ц Ц
92%
Ч Ч
92%
Ш Ш
92%
Щ Щ
92%
Ь Ь
92%
Б Б
83%
Г Г
83%
Н Н
83%
Т Т
83%
Х Х
83%
Ю Ю
83%
Я Я
83%
Ъ Ъ
75%
Ы Ы
75%
Э Э
75%
Ё Ё
67%
No matching quizzes found
Score Distribution
Percent of People with Each Score
Percentile by Number Answered
Your Score History
You have not taken this quiz